Význam euroregiónov pre rozvoj cestovného ruchu, zapojenie MSP do euroregionálnych aktivít

Cezhraničný región, platné dokumenty v súvislosti so zakladaním cezhraničnej spolupráce. Výhody v hospodárskej oblasti a v oblasti cestovného ruchu. Podmienky účinnosti cezhraničnej spolupráce. Ekonomika a zamestnanosť ako oblasť cezhraničnej spolupráce. Vznik euroregiónov za účelom rozvoja cezhrani...

Descripción completa

Guardado en:
Detalles Bibliográficos
Autor principal: Konečná, Anna, 1968-
Formato: Capítulo de libro
Lenguaje:eslovaco
Materias:
Etiquetas: Agregar Etiqueta
Sin Etiquetas, Sea el primero en etiquetar este registro!

MARC

LEADER 00000naa$a2200000$$$4500
001 0008660
005 20240502071354.0
041 0 |a slo 
044 |a SK 
245 1 0 |a Význam euroregiónov pre rozvoj cestovného ruchu, zapojenie MSP do euroregionálnych aktivít  |c aut. Anna Konečná 
520 |a Cezhraničný región, platné dokumenty v súvislosti so zakladaním cezhraničnej spolupráce. Výhody v hospodárskej oblasti a v oblasti cestovného ruchu. Podmienky účinnosti cezhraničnej spolupráce. Ekonomika a zamestnanosť ako oblasť cezhraničnej spolupráce. Vznik euroregiónov za účelom rozvoja cezhraničnej spolupráce. Ciele euroregiónov. Euroregionálne aktivity na Slovensku - analýza. Príspevok z riešenia Projektu VEGA č. 1/7279/20 (59). 
610 2 0 |a Slovensko 
610 2 0 |a euroregióny 
610 2 0 |a spolupráca cezhraničná 
610 2 0 |a podnikanie malé 
610 2 0 |a podnikanie stredné 
610 2 0 |a ruch cestovný 
610 2 0 |a projekty 
610 2 0 |a výskum 
100 1 |a Konečná, Anna, 1968-